000 00929nam a2200241 i 4500
001 175319
003 ES-MaACL
005 20250806062551.0
007 t|
008 101021s1966 sp ||||1| spa d
080 _a946.027 M. "18"
100 1 _aSánchez de Palacios, Mariano,
_d1906-1990
_9102595
245 1 0 _aMadrid, 1830-1870 /
_cpor Mariano Sánchez de Palacios.
260 _aMadrid :
_bAyuntamiento de Madrid, Delegación de Educación :
_bInstituto de Estudios Madrileños,
_c1966.
300 _a25 p. ;
_c22 cm.
490 1 _aAula de cultura. Curso sobre historia de Madrid ;
_v12
651 4 _aMadrid-
_xHistoria-
_yS.XIX.
_98969
710 1 _aMadrid.
_bAyuntamiento.
_bDelegación de Educación.
_9143647
710 2 _aInstituto de Estudios Madrileños
_94916
830 0 _aAula de cultura. Curso sobre historia de Madrid ;
_v12
_9189644
852 _aES-MaACL
_j2260-F-11
_xOlim P-56
999 _c175319
_d175319